000 nam a22 7a 4500
999 _c27915
_d27915
008 170211b xxu||||| |||| 00| 0 eng d
020 _a9780395961322
050 _aLB 1050.45 .C66 2000
100 _aCooper,David F.
_d2000
245 _aLiteracy:
_bHelping Children Construct Meaning/
_cF. David Cooper, Kathryn H. Au.
250 _a4th ed.
260 _aBoston:
_bHoughton Mifflin Company,
_c2000.
300 _axxii, 617p.:
_bill.;
_c23cm.
521 _aincludes bibliographic references and indexes.
650 _aReading Comprehension
700 _aAu, Kathryn H.
942 _2lcc
_cBOOKS
_hLB 1050.45 .C66 2000